[Event "Niederbayern-ch MK 47th"]
[Site "Aidenbach"]
[Date "2006.??.??"]
[Round "2"]
[White "Mueller, Michael3333"]
[Black "Weber, Diethelm"]
[Result "1-0"]
[WhiteElo "2119"]
[BlackElo "1529"]
[PlyCount "75"]
[EventDate "2006.04.18"]
[EventType "swiss"]
[EventRounds "9"]
[EventCountry "GER"]
[SourceTitle "EXT 2023"]
[Source "ChessBase"]
[SourceDate "2022.10.05"]
[SourceVersion "1"]
[SourceVersionDate "2022.10.05"]
[SourceQuality "1"]

1. e4 c5 2. Nf3 e6 3. d3 d6 4. g3 Nf6 5. Bg2 Nc6 6. 0-0 Qc7 7. Re1 h6 8. c3 Be7 9. d4 cxd4 10. cxd4 e5 11. d5 Nb4 12. Qa4+ Nc6 13. dxc6 bxc6 14. Nc3 0-0 15. Bd2 Bd7 16. Rac1 Qb6 17. Qc2 Ng4 18. Nd1 Rac8 19. Ne3 Nf6 20. Nc4 Qb7 21. a3 c5 22. Nh4 Ne8 23. Nf5 Be6 24. Nxe7+ Qxe7 25. Ne3 Nf6 26. Qa4 Qb7 27. Qc2 Qb5 28. Nd5 Bxd5 29. exd5 Rb8 30. Bc3 Nd7 31. Qe2 c4 32. Bb4 Nc5 33. Rxc4 Rfc8 34. Qc2 a5 35. Bxc5 Rxc5 36. Rxc5 dxc5 37. Rxe5 Qxb2 38. Re8+ 1-0

[Event "Niederbayern-ch MK 47th"]
[Site "Aidenbach"]
[Date "2006.??.??"]
[Round "1"]
[White "Weber, Diethelm"]
[Black "Kreuzer, Klaus"]
[Result "1/2-1/2"]
[WhiteElo "1529"]
[BlackElo "2016"]
[PlyCount "93"]
[EventDate "2006.04.18"]
[EventType "swiss"]
[EventRounds "9"]
[EventCountry "GER"]
[SourceTitle "EXT 2023"]
[Source "ChessBase"]
[SourceDate "2022.10.05"]
[SourceVersion "1"]
[SourceVersionDate "2022.10.05"]
[SourceQuality "1"]

1. e4 c5 2. Nf3 e6 3. d4 cxd4 4. Nxd4 a6 5. a3 Nf6 6. Nc3 Qc7 7. Bd3 d6 8. Be3 Nbd7 9. h3 b5 10. 0-0 Bb7 11. Nf3 Be7 12. Re1 0-0 13. Bd2 Rac8 14. Qe2 Ne5 15. Nxe5 dxe5 16. Rec1 Qb8 17. Na2 Qa8 18. f3 Nh5 19. Kh2 Bh4 20. Be1 Bg5 21. Rd1 Nf4 22. Qf1 f5 23. Nc3 Qb8 24. Bd2 Nxd3 25. cxd3 Be7 26. Qe2 f4 27. Rf1 Bc5 28. Rab1 Rfd8 29. Be1 Qd6 30. Rd1 Bc6 31. Bf2 a5 32. Bxc5 Qxc5 33. Qf2 Be8 34. Qxc5 Rxc5 35. Rf2 b4 36. axb4 axb4 37. Na2 Rd4 38. Rfd2 Ba4 39. Rc1 Rxc1 40. Nxc1 Bb5 41. g3 g5 42. g4 Kf7 43. Kg2 Ke7 44. Kf2 Rd8 45. b3 Rc8 46. Na2 Kd6 47. Ke2 1/2-1/2